[Event "Reykjavik op"]
[Site "Reykjavik"]
[Date "1994.??.??"]
[Round "5"]
[White "Steingrimsson, Hedinn"]
[Black "Karason, Askell O"]
[Result "1-0"]
[WhiteElo "2420"]
[BlackElo "2225"]

1.e4 c5 2.Nf3 d6 3.Bb5+ Nc6 4.O-O Bd7 5.c3 Nf6 6.Re1 a6 7.Ba4 c4 8.Bc2 Rc8
9.b3 b5 10.Qe2 Ne5 11.Nxe5 dxe5 12.d3 e6 13.dxc4 bxc4 14.Nd2 cxb3 15.axb3 Rxc3
16.Nc4 Bb5 17.Bb2 Bb4 18.Red1 Qb8 19.Rac1 O-O 20.Bxc3 Bxc3 21.Bd3 Bd4 22.Na5 Bxd3
23.Rxd3 Qd6 24.Nc6 Qc7 25.b4 h5 26.h3 g6 27.Ra3 Ra8 28.Ra5 Qb7 29.Rc4 Bb6
30.Rxe5 Bc7 31.Rec5 Bb6 32.Na5 Qd7 33.Rc6 Rb8 34.Qc2 Kh7 35.Nb3 Kg7 36.Qd2 Qa7
37.Nc5 a5 38.bxa5 Bxa5 39.Qa2 Bb6 40.Qxa7 Bxa7 41.Nxe6+ Kh6 42.Nc5 Kg7 43.e5 Rb1+
44.Kh2 Bb8 45.Nd3 Nd7 46.f4 h4 47.Rc1 Rb3 48.R6c3 Rb5 49.Nc5 Nf8 50.Rc4 g5
51.fxg5 Bxe5+ 52.Kh1 Ng6 53.Rf1 Bf4 54.Ne4 Rb2 55.Rc6 Be5 56.Nd6 Ne7 57.Ra6 Bxd6
58.Rxd6 Rb5 59.Rdf6  1-0

[Event "ROM-chT"]
[Site "ROM"]
[Date "1994.??.??"]
[Round "?"]
[White "Skripchenko, Almira"]
[Black "Litinskaya, Marta I"]
[Result "1/2-1/2"]
[WhiteElo "2235"]
[BlackElo "2290"]

1.e4 c5 2.Nf3 d6 3.Bb5+ Bd7 4.Bxd7+ Qxd7 5.c4 Nc6 6.Nc3 Nf6 7.O-O e6 8.d4 cxd4
9.Nxd4 Be7 10.Be3 O-O 11.Qe2 b6 12.Rfd1 Rfd8 13.Rd2 Qb7 14.f3 Rac8 15.Rad1 Ne5
16.b3 Ng6 17.Nc2 a6 18.a4 Nd7 19.Nd4 Nf6 20.Nc2 Nd7 21.Nd4  1/2-1/2

[Event "ROM-chT"]
[Site "ROM"]
[Date "1994.??.??"]
[Round "?"]
[White "Sanduleac, Vasile"]
[Black "Zetocha, Claudiu"]
[Result "1/2-1/2"]
[WhiteElo "2300"]
[BlackElo "2320"]

1.e4 c5 2.Nf3 d6 3.Bb5+ Nd7 4.O-O Nf6 5.Re1 a6 6.Bxd7+ Bxd7 7.d4 cxd4 8.Qxd4 e5
9.Qd3 h6 10.c4 Be7 11.Nc3 O-O 12.b3 Qc7 13.a4 b5 14.cxb5 axb5 15.Nxb5 Bxb5
16.Qxb5 Rfb8 17.Qd3 d5 18.exd5 e4 19.Qc4 Qa5 20.Nd2 Rc8 21.Qe2 Bb4 22.Qd1 Nxd5
23.Nc4 Rxc4 24.bxc4 Bxe1 25.cxd5 Bc3 26.Rb1 Be5 27.Be3 Qxa4 28.Qg4 Rd8 29.g3 Qd7
30.Qxe4 Qxd5 31.Qg4 Qd7 32.Qh5 Bf6 33.Rc1 Qd5 34.Qg4 Qd7 35.Qc4 Qd5 36.Qa6 Qd3
37.Qa4 Qd7 38.Qxd7 Rxd7 39.Rc6 h5 40.Kg2 Bd4 41.Bxd4  1/2-1/2

[Event "ROM-chT"]
[Site "ROM"]
[Date "1994.??.??"]
[Round "?"]
[White "Zetocha, Claudiu"]
[Black "Milu, Romeo Sorin"]
[Result "1/2-1/2"]
[WhiteElo "2320"]
[BlackElo "2430"]

1.e4 c5 2.Nf3 d6 3.Bb5+ Bd7 4.a4 Nc6 5.O-O Nf6 6.Re1 a6 7.Bf1 Bg4 8.h3 Bxf3
9.Qxf3 g6 10.d3 Bg7 11.c3 O-O 12.Be3 Nd7 13.Na3 Rc8 14.Qe2 Qc7 15.f4 Qb8
16.Red1 Nf6 17.g4 b5 18.axb5 axb5 19.Bg2 b4 20.Nc4 Qb5 21.Bf1 Rfd8  1/2-1/2

[Event "ROM-chT"]
[Site "ROM"]
[Date "1994.??.??"]
[Round "?"]
[White "Nevednichy, Vladislav"]
[Black "Dumitrache, Dragos"]
[Result "0-1"]
[WhiteElo "2480"]
[BlackElo "2395"]

1.e4 c5 2.Nf3 d6 3.Bb5+ Bd7 4.Bxd7+ Qxd7 5.c4 Nc6 6.Nc3 Nf6 7.O-O g6 8.d4 cxd4
9.Nxd4 Bg7 10.Nde2 O-O 11.f3 a6 12.Be3 Ne5 13.b3 b5 14.cxb5 axb5 15.Rc1 Rfc8
16.Qd2 Qb7 17.Rfd1 Ra6 18.Nf4 e6 19.Qe2 b4 20.Na4 Rac6 21.Rxc6 Rxc6 22.h4 h5
23.Qd2 Qb5 24.Ne2 Rc8 25.Nd4 Qb8 26.Nc2 d5 27.Qxb4 dxe4 28.Qxb8 Rxb8 29.Bf4 Nd5
30.Bxe5 Bxe5 31.fxe4 Nf6 32.Ne3 Nxe4 33.Nc4 Bg3 34.Rd3 Bxh4 35.Nc3 Nc5 36.Rf3 Kg7
37.Nd6 Bf6 38.Nce4 Bd4+ 39.Kf1 Nxe4 40.Nxe4 f5 41.Rd3 e5 42.Ng5 Kf6 43.Nf3 Ra8
44.a4 Rb8 45.Nxd4 exd4 46.Rxd4 Rxb3 47.Rd6+ Kg5 48.a5 Ra3 49.Ra6 h4 50.Ra8 Kf4
51.a6 g5 52.a7 g4 53.Kf2 Ra2+ 54.Ke1 Kg3 55.Kf1 Ra1+  0-1

[Event "ROM-chT"]
[Site "ROM"]
[Date "1994.??.??"]
[Round "?"]
[White "Negulescu, Adrian"]
[Black "Hristodorescu, Daniel"]
[Result "1-0"]
[WhiteElo "2450"]
[BlackElo "2285"]

1.e4 c5 2.Nf3 d6 3.Bb5+ Bd7 4.Bxd7+ Qxd7 5.c4 Nc6 6.d4 cxd4 7.Nxd4 Nf6 8.Nc3 g6
9.b3 Bg7 10.Bb2 O-O 11.O-O Rfe8 12.Re1 Nxd4 13.Qxd4 Qc6 14.Nd5 e5 15.Nxf6+ Bxf6
16.Qd3 Bd8 17.Rad1 Ba5 18.Re2 Rad8 19.Qd5 Bc7 20.Red2 Kg7 21.Kf1 Qxd5 22.Rxd5 Kf6
23.Bc1 Ke6 24.Be3 a6 25.Ke2 Rd7 26.b4 Ra8 27.a4 Rdd8 28.a5 Rab8 29.f4 exf4
30.Bxf4 b6 31.axb6 Rxb6 32.Bd2 Rc6 33.Kd3 Rc8 34.b5 axb5 35.cxb5 Rb6 36.Rc1 Kd7
37.Rf1 Ke6 38.Rc1 Kd7 39.Rf1 Ke6 40.Be3 Rbb8 41.Rc1 Bd8 42.Rxc8 Rxc8 43.Bf4 Be7
44.Rd4 h5 45.Rb4 Bd8 46.Be3 Rb8 47.Kc4 Rc8+ 48.Kd3 Rb8 49.Ba7 Rb7 50.Bd4 Rb8
51.Kc4 Rc8+ 52.Kd3 Rb8 53.Rb2 Rb7 54.Kc4 Rc7+ 55.Kb3 Rb7 56.Kb4 Rb8 57.Ra2 Rb7
58.Ra8 Bc7 59.Kc4 Bb8 60.b6 f5 61.exf5+ gxf5 62.h3 h4 63.Bf2 Kd7 64.Kd5 Kc8
65.Kc6 Rh7 66.Bd4 Re7 67.Bf6 Rf7 68.Bd8  1-0

[Event "ROM-ch (Women)"]
[Site "ROM"]
[Date "1994.??.??"]
[Round "?"]
[White "Ionescu Brandis, Irina"]
[Black "Nutu Gajic, Dana"]
[Result "0-1"]
[WhiteElo "2200"]
[BlackElo "2345"]

1.e4 c5 2.Nf3 d6 3.Bb5+ Bd7 4.Bxd7+ Qxd7 5.c4 Nc6 6.Nc3 Nf6 7.d4 cxd4 8.Nxd4 g6
9.O-O Bg7 10.Nde2 O-O 11.f3 Rfc8 12.Bg5 a6 13.Bxf6 Bxf6 14.Nd5 Bxb2 15.Rb1 Ba3
16.Kh1 Bc5 17.Nec3 Ne5 18.Qb3 Rab8 19.Na4 Qd8 20.f4 Nd7 21.f5 Bd4 22.Rbd1 Bg7
23.c5 Nxc5 24.Nxc5 Rxc5 25.fxg6 hxg6 26.Nc7 Qxc7 27.Rxf7 d5 28.exd5 Qd6  0-1

[Event "ROM-ch (Women)"]
[Site "ROM"]
[Date "1994.??.??"]
[Round "?"]
[White "Ionescu Brandis, Irina"]
[Black "Peptan, Corina"]
[Result "1/2-1/2"]
[WhiteElo "2200"]
[BlackElo "2255"]

1.e4 c5 2.Nf3 d6 3.Bb5+ Nd7 4.O-O Nf6 5.Re1 a6 6.Bf1 b6 7.c4 Bb7 8.Nc3 g6
9.d4 cxd4 10.Nxd4 Bg7  1/2-1/2

[Event "ROM-chT"]
[Site "ROM"]
[Date "1994.??.??"]
[Round "?"]
[White "Barbu, Nicolae"]
[Black "Dumitrache, Dragos"]
[Result "0-1"]
[WhiteElo "2350"]
[BlackElo "2395"]

1.e4 c5 2.Nf3 d6 3.Bb5+ Bd7 4.Bxd7+ Qxd7 5.O-O Nc6 6.c3 Nf6 7.d4 Nxe4 8.d5 Nb8
9.Re1 Nf6 10.Bg5 Na6 11.c4 O-O-O 12.Nc3 Kb8 13.a3 g6 14.Qe2 Bg7 15.Qxe7 Rhe8
16.Qxd7 Rxd7 17.Bxf6 Rxe1+ 18.Rxe1 Bxf6 19.Re8+ Kc7 20.h4 Kb6 21.Re3 Nc7
22.Ne4 Bg7 23.b4 Na6 24.Rb3 cxb4 25.axb4 Kc7 26.Kf1 h6 27.Ke2 f5 28.Ng3 Re7+
29.Kd3 Bf6 30.h5 Rg7 31.Ne1 Be5 32.Ne2 gxh5 33.g3 Rg4 34.f3 Rg8 35.f4 Bf6
36.Nf3 Kd7 37.Rb1 h4 38.gxh4 Rg4 39.h5 Nc7 40.Ke3 b5 41.Nfd4 bxc4 42.Nxf5 Nxd5+
43.Kf3 Rg8 44.Nxh6 Rb8 45.Ng4 Bh8 46.b5 a5 47.f5 a4 48.Ne3 Nxe3 49.Kxe3 Re8+
50.Kd2 Rxe2+ 51.Kxe2 a3  0-1

[Event "ROM-chT"]
[Site "ROM"]
[Date "1994.??.??"]
[Round "?"]
[White "Cozianu, Costin"]
[Black "Atalik, Suat"]
[Result "0-1"]
[WhiteElo "2295"]
[BlackElo "2530"]

1.e4 c5 2.Nf3 d6 3.Bb5+ Bd7 4.Bxd7+ Qxd7 5.O-O Nf6 6.e5 dxe5 7.Nxe5 Qd6 8.Nc4 Qd8
9.d3 Nc6 10.Nc3 e6 11.Ne4 Be7 12.Be3 Qd5 13.Nxf6+ Bxf6 14.c3 O-O 15.Qb3 Rab8
16.Qb5 b6 17.Rfd1 Ne7 18.a4 Qa8 19.Bf4 Rb7 20.Nd6 a6 21.Qc4 Rd7 22.Ne4 Nd5
23.Nxf6+ Nxf6 24.a5 Nd5 25.Be5 Qc6 26.d4 Qb5 27.Qxb5 axb5 28.axb6 c4 29.Ra7 Nxb6
30.Ra5 Rd5 31.Re1 Na4 32.Re2 f6 33.Bg3 e5 34.f3 exd4 35.cxd4 h5 36.Ra7 Kh7
37.Bf2 Kg6 38.Ree7 Rg8 39.Re2 Rdd8 40.g4 hxg4 41.fxg4 Rge8 42.Rxe8 Rxe8 43.Rb7 Nxb2
44.Rxb5 Nd3 45.Rb7 Re2  0-1

[Event "ROM-chT"]
[Site "ROM"]
[Date "1994.??.??"]
[Round "?"]
[White "Cozianu, Costin"]
[Black "Lupu, Smaranda  B"]
[Result "1-0"]
[WhiteElo "2295"]
[BlackElo "2135"]

1.e4 c5 2.Nf3 d6 3.Bb5+ Nd7 4.d4 Nf6 5.Nc3 cxd4 6.Qxd4 e5 7.Qd3 h6 8.Be3 a6
9.Bc4 Be7 10.Bb3 Qc7 11.O-O O-O 12.a4 Nc5 13.Bxc5 dxc5 14.h3 Bd7 15.Nd5 Nxd5
16.Bxd5 Rad8 17.a5 Bc8 18.Qc3 Bd6 19.Nd2 Qe7 20.Nc4 Bc7 21.Rfd1 Kh8 22.Qb3 Bb8
23.Nb6 Be6 24.Rd3 Bxd5 25.Nxd5 Qd7 26.Rad1 Qc6 27.Qc4 Rd7 28.c3 f5 29.exf5 Rxf5
30.Nb6 Rxd3 31.Rxd3 Bc7 32.Nd5 e4 33.Ne7 Qe8 34.Rd7 Re5 35.Rxc7 Rxe7 36.Rxc5 Qd7
37.Rd5 Qe6 38.Rd8+ Kh7 39.Qxe6 Rxe6 40.Rb8 Re7 41.Kf1 Kg6 42.Ke2 Kf5 43.Ke3 h5
44.Rc8 g5 45.Rc5+ Kg6 46.b4 h4 47.c4 Re6 48.b5 axb5 49.cxb5 Rd6  1-0

[Event "ROM-chT"]
[Site "ROM"]
[Date "1994.??.??"]
[Round "?"]
[White "Doroftei, Nicolae"]
[Black "Erhan, Raluca"]
[Result "0-1"]
[WhiteElo "2270"]
[BlackElo "2095"]

1.e4 c5 2.Nf3 d6 3.Bb5+ Bd7 4.c4 Bxb5 5.cxb5 Nf6 6.Nc3 e6 7.O-O Be7 8.d4 cxd4
9.Nxd4 O-O 10.Be3 Nbd7 11.f3 Ne5 12.Qe2 Rc8 13.Rac1 d5 14.exd5 Nxd5 15.Nxd5 Qxd5
16.Nb3 Nc4 17.Rfd1 Qxb5 18.Nd2 Nd6 19.Qxb5 Nxb5 20.Ne4 b6 21.a4 Nc7 22.Rd7 Nd5
23.Rxc8 Rxc8 24.Bd2 Rc7 25.Rxc7 Nxc7 26.Kf2 f5 27.Nc3 e5 28.Ke2 Kf7 29.Kd3 Ke6
30.g4 g6 31.h3 Kd6 32.Kc4 a6 33.b4 b5+ 34.axb5 axb5+ 35.Nxb5+ Nxb5 36.Kxb5 Kd5
37.Ka6 Kd4 38.b5 e4 39.fxe4 fxe4 40.b6 Bd6 41.b7 e3 42.Be1 Bb8 43.Kb5 Kd3
44.Kc6 Ke2 45.Bb4 Kf1 46.Bd6 Bxd6 47.Kxd6 e2 48.b8=Q e1=Q 49.Qb5+ Qe2 50.Qb1+ Kf2
51.Qb6+ Qe3 52.Qb2+ Kg3 53.Qb7 Qd3+ 54.Ke5 Kxh3 55.Qxh7+ Kxg4 56.Kf6 Qf5+
57.Ke7 g5 58.Qh1 Qf3 59.Qg1+ Qg3 60.Qd1+ Qf3 61.Qg1+ Kh4 62.Qh2+ Qh3 63.Qf2+ Qg3
64.Qd4+ Qf4 65.Qd1 g4 66.Qd8 Qg5+  0-1

[Event "ROM-chT"]
[Site "ROM"]
[Date "1994.??.??"]
[Round "?"]
[White "Gheorghe, Anca"]
[Black "Andreescu, Nicoleta Aurora"]
[Result "1-0"]
[WhiteElo "2035"]
[BlackElo "2085"]

1.e4 c5 2.Nf3 d6 3.Bb5+ Nd7 4.O-O a6 5.Bxd7+ Bxd7 6.d4 cxd4 7.Qxd4 e5 8.Qd1 Nf6
9.Nc3 Be7 10.Re1 O-O 11.Bg5 Be6 12.Qd2 Rc8 13.Rad1 Qb6 14.Bxf6 Bxf6 15.Qc1 Be7
16.Nd5 Bxd5 17.Rxd5 f5 18.exf5 Rxf5 19.c3 Rcf8 20.Re2 Qc6 21.Qd1 Qc4 22.Qb3 b5
23.Qxc4 bxc4 24.Nd2 Rc8 25.Ne4 Rc6 26.Red2 Rf6 27.Nxf6+ gxf6 28.Kf1 Kf7 29.Ke2 f5
30.Kd1 Ke6 31.Kc2 h5 32.b3 h4 33.h3 e4 34.b4 Rc8 35.Ra5 Rc6 36.a4 Bg5 37.Rd1 Be7
38.b5 axb5 39.axb5 Rc5 40.Rb1 f4 41.b6 Rxa5 42.b7 Ra2+ 43.Kd1 Rxf2 44.b8=Q Rxg2  1-0

[Event "ROM-chT"]
[Site "ROM"]
[Date "1994.??.??"]
[Round "?"]
[White "Gheorghe, Anca"]
[Black "Erhan, Raluca"]
[Result "0-1"]
[WhiteElo "2035"]
[BlackElo "2095"]

1.e4 c5 2.Nf3 d6 3.Bb5+ Bd7 4.Bxd7+ Qxd7 5.O-O Nc6 6.Re1 Nf6 7.d4 cxd4 8.Nxd4 e6
9.c4 Be7 10.Nc3 O-O 11.Bg5 Rfd8 12.Rc1 Rac8 13.b3 a6 14.Kh1 b6 15.f3 Nxd4
16.Qxd4 b5 17.cxb5 axb5 18.Red1 h6 19.Bh4 g5 20.Bf2 Nh5 21.Ne2 Rxc1 22.Rxc1 d5
23.exd5 Qxd5 24.Qxd5 Rxd5 25.Be3 Re5 26.Rc3 b4 27.Rd3 f5 28.g3 Nf6 29.Nd4 Nd5
30.Nc6 Rxe3 31.Nxe7+ Kf7 32.Rxe3 Nxe3 33.Nc6 Nd5 34.Kg2 Ke8 35.Kf2 Kd7 36.Ne5+ Kd6
37.Nf7+ Kc5 38.Nxh6 Kd4 39.Nf7 g4 40.fxg4 fxg4 41.Nh6 Nf6 42.Ke2 Kc3 43.Nf7 Kb2
44.Kd3 Kxa2 45.Kc2 Nd5 46.Nd8 Ne3+ 47.Kd3 Nf1 48.Kc2 Nxh2 49.Nxe6 Nf3 50.Nd8 Nd4+
51.Kd3 Nxb3 52.Kc4 Ka3 53.Nc6 Nd2+ 54.Kd3 b3 55.Kxd2 b2 56.Kc2 Ka2 57.Nb4+ Ka1  0-1

[Event "ROM-chT"]
[Site "ROM"]
[Date "1994.??.??"]
[Round "?"]
[White "Gheorghe, Anca"]
[Black "Peptan, Corina"]
[Result "0-1"]
[WhiteElo "2035"]
[BlackElo "2265"]

1.e4 c5 2.Nf3 d6 3.Bb5+ Nd7 4.O-O a6 5.Bxd7+ Bxd7 6.d4 cxd4 7.Qxd4 e5 8.Qd1 h6
9.b3 Nf6 10.Re1 Bc6 11.Nbd2 Be7 12.Bb2 O-O 13.h3 b5 14.Rc1 Qb6 15.c4 Qb7
16.Qc2 Rac8 17.Qb1 Nd7 18.Ba3 b4 19.Bb2 Nc5 20.Re2 Rb8 21.Ne1 a5 22.f3 Bg5
23.Nd3 Ne6 24.Rd1 a4 25.Nf1 g6 26.Bc1 Nd4 27.Rf2 f5 28.exf5 gxf5 29.Be3 Bxe3
30.Nxe3 Qg7 31.Kh1 axb3 32.axb3 Qg3 33.Nf1 Qh4 34.Qb2 Ne6 35.Qe2 Kh7 36.Nxe5 dxe5
37.Rd6 Nd8 38.Qd2 Rb7 39.Kg1  0-1

[Event "ROM-chT"]
[Site "ROM"]
[Date "1994.??.??"]
[Round "?"]
[White "Mereacre, Natasa"]
[Black "Erhan, Raluca"]
[Result "1-0"]
[WhiteElo "2115"]
[BlackElo "2095"]

1.e4 c5 2.Nf3 d6 3.Bb5+ Bd7 4.Bxd7+ Qxd7 5.d4 cxd4 6.Nxd4 Nf6 7.Nc3 Nc6 8.O-O e6
9.Bg5 Be7 10.Qd2 h6 11.Bxf6 Bxf6 12.Ndb5 Be7 13.Rad1 Rd8 14.a4 O-O 15.Qe3 a6
16.Na3 Qc7 17.Rd2 Na5 18.Rfd1 d5 19.Qf3 Bxa3 20.bxa3 Nc4 21.Rd4 dxe4 22.Nxe4 Rxd4
23.Rxd4 Qb6 24.Rd1 Qb2 25.Qf4 Nxa3 26.Nd6 Qxc2 27.Rc1 Qb3 28.h3 Nc2 29.Kh2 Qb4
30.Qxb4 Nxb4 31.Rb1 Nd3 32.Rxb7 Nxf2 33.Ra7 Nd3 34.Rxa6 Nc5 35.Ra5 Rd8 36.Nxf7 Kxf7
37.Rxc5 Ra8 38.a5 Ke7 39.Kg3 Kd6 40.Rb5 Kc6 41.Rb6+ Kd5 42.a6 e5 43.Kf3 Kd4
44.Ke2 e4 45.h4 Ke5 46.Ke3 Kf5 47.h5 Kg4 48.Kxe4 Kg3 49.Rg6+ Kh4 50.g4 Kg3
51.Kd4  1-0

[Event "Sala op"]
[Site "Sala"]
[Date "1994.??.??"]
[Round "7"]
[White "Kotan, Ladislav"]
[Black "Banas, Jan"]
[Result "1/2-1/2"]
[WhiteElo "2305"]
[BlackElo "2390"]

1.e4 c5 2.Nf3 d6 3.Bb5+ Bd7 4.Bxd7+ Nxd7 5.O-O Ngf6 6.Re1 e6 7.b3 Be7 8.Bb2 O-O
9.d3 Qc7 10.Nbd2 Rfd8 11.e5 Ne8 12.exd6 Nxd6 13.Ne4 Nxe4 14.Rxe4 Bf6 15.Qc1 Bxb2
16.Qxb2 Nf6 17.Re5 Rd5 18.Rxd5 Nxd5 19.Re1 Rd8 20.a4 b6 21.Qe5 Qxe5 22.Rxe5 Nb4
23.Re2 Kf8 24.g3 Ke7 25.Kg2 h6 26.Ne5 f6 27.Nc4 g5 28.h3 h5 29.Ne3 Kf7 30.Rd2 e5
31.f3 Ke6 32.g4 Nc6 33.Rd1 Nd4 34.Re1 Kf7 35.Kf2 Ne6 36.Ng2 Rh8 37.Kg3 h4+
38.Kf2 Ke7 39.c3 Rd8 40.Ke3 Nc7 41.Kd2 Nd5 42.Kc2 Ke6 43.Re4 f5 44.gxf5+ Kxf5
45.Ne3+ Nxe3+ 46.Rxe3 Kf4 47.Kd2 Rg8 48.Ke2 Rb8 49.Re4+ Kf5  1/2-1/2

[Event "Sarospatak op"]
[Site "Sarospatak"]
[Date "1994.??.??"]
[Round "?"]
[White "Mrva, Vladimir"]
[Black "Forgacs, Attila"]
[Result "1-0"]
[WhiteElo "2305"]
[BlackElo "2170"]

1.e4 c5 2.Nf3 d6 3.Bb5+ Nd7 4.O-O Nf6 5.Re1 a6 6.Bf1 e6 7.a4 Be7 8.d4 cxd4
9.Nxd4 O-O 10.Nc3 Qc7 11.Be3 b6 12.Qf3 Bb7 13.Qh3 Rac8 14.f3 Ne5 15.g4 h6
16.Qg3 Nc4 17.Bxc4 Qxc4 18.h4 Nh7 19.Nb3 Bf6 20.g5 hxg5 21.hxg5 Bxc3 22.bxc3 Qxc3
23.Re2 Rc4 24.Rd1 Bxe4 25.fxe4 Rxe4 26.Rd3 Qe5 27.Qxe5 dxe5 28.Rg2 g6 29.Bxb6 Rxa4  1-0

[Event "Schweiz op"]
[Site "?"]
[Date "1994.??.??"]
[Round "7"]
[White "Oratovsky, Michael"]
[Black "Videki, Sandor"]
[Result "1-0"]
[WhiteElo "2485"]
[BlackElo "2405"]

1.e4 c5 2.Nf3 d6 3.Bb5+ Nd7 4.O-O a6 5.Bxd7+ Bxd7 6.d4 cxd4 7.Qxd4 e5 8.Qd3 h6
9.c4 Nf6 10.Nc3 Be7 11.a4 O-O 12.Re1 Be6 13.b3 Rc8 14.Ba3 Nh5 15.Rad1 Nf4
16.Qe3 Qc7 17.Rd2 Rfd8 18.Red1 Rd7 19.g3 Ng6 20.Nd5 Bxd5 21.Rxd5 Rcd8 22.h4 Nf8
23.Qd3 h5 24.Rd2 f6 25.Qe2 g6 26.Qd1 Kf7 27.a5 Ke8 28.Ne1 Ne6 29.Nc2 Nc5
30.Qf3 Kf7 31.Kg2 Bf8 32.Rd1 Be7 33.Kh2 Ne6 34.Bb4 Nc5 35.R1d2 Bf8 36.Kg2 Bh6
37.Rd1 Bf8 38.Bxc5 dxc5 39.Ne3 Bh6 40.Rxd7+ Rxd7 41.Nd5 Qd8 42.Nxf6 Rxd1
43.Nd5+ Kg8 44.Qxd1 Qxa5  1-0

[Event "Sevilla op"]
[Site "Sevilla"]
[Date "1994.??.??"]
[Round "8"]
[White "Montecatine, Ricardo"]
[Black "Chiburdanidze, Maia"]
[Result "1/2-1/2"]
[WhiteElo "2325"]
[BlackElo "2520"]

1.e4 c5 2.Nf3 d6 3.Bb5+ Nc6 4.O-O Bd7 5.Re1 Nf6 6.c3 a6 7.Bf1 e5 8.d4 Be7
9.d5 Nb8 10.h3 O-O 11.c4 Ne8 12.g4 g6 13.Bh6 Ng7 14.Bd3 f5 15.gxf5 gxf5 16.Kh2 Qe8
17.Rg1 Bf6 18.Nh4 Bxh4 19.Bxg7 Bxf2 20.Bxe5+ Bxg1+ 21.Qxg1+ Qg6 22.Bxd6 Qxg1+
23.Kxg1 fxe4 24.Bxf8 exd3 25.Bxc5 Bxh3 26.Nc3 Nd7 27.Bd4 Bg4 28.Kf2 Rc8 29.Rg1 h5
30.b3 Re8 31.Rg3 b5 32.cxb5 axb5 33.a3 d2 34.Rd3 Ra8 35.Rxd2 Rxa3 36.b4  1/2-1/2

[Event "SLO-chT"]
[Site "?"]
[Date "1994.??.??"]
[Round "?"]
[White "Barle, Janez"]
[Black "Osterman, Rudolf"]
[Result "1-0"]
[WhiteElo "2440"]
[BlackElo "2395"]

1.e4 c5 2.Nf3 d6 3.Bb5+ Bd7 4.Qe2 Nc6 5.c3 e5 6.O-O Nf6 7.Rd1 Be7 8.d4 Qc7
9.dxe5 dxe5 10.Bg5 O-O 11.Na3 Rfe8 12.Nc2 a6 13.Bc4 b5 14.Bxf6 Bxf6 15.Bd5 Rab8
16.Ne3 Ne7 17.h4 h6 18.g3 g6 19.Nh2 Rf8 20.Rd2 Rb6 21.Rad1 Bc8 22.Ba8 Bg7
23.Nd5 Nxd5 24.Bxd5 h5 25.c4 Bh6 26.Rd3 Kh7 27.b3 b4 28.Re1 a5 29.Qb2 Ra6
30.Nf3 f6 31.Nh2 a4 32.a3 Qa5 33.Red1 Bh3 34.bxa4 Rb8 35.Qc2 Rab6 36.axb4 Qxb4
37.Ra1 Qa5 38.Qd1 Rb2 39.Bc6 Bd2 40.g4 hxg4 41.Nxg4 Bxg4 42.Qxg4 Rd8 43.Be8 Rxd3
44.Qxg6+ Kh8 45.Qxf6+  1-0

[Event "SLO-chT"]
[Site "?"]
[Date "1994.??.??"]
[Round "?"]
[White "Kovacic, Peter"]
[Black "Guid, Matej"]
[Result "0-1"]
[WhiteElo "2065"]
[BlackElo "1990"]

1.e4 c5 2.Nf3 d6 3.Bb5+ Nc6 4.O-O Nf6 5.Re1 Bd7 6.c3 a6 7.Ba4 b5 8.Bc2 Bg4
9.h3 Bxf3 10.Qxf3 g6 11.d3 Bg7 12.Qe2 O-O 13.f4 e5 14.Rf1 Nh5 15.Qf3 exf4
16.Bxf4 Nxf4 17.Qxf4 d5 18.Bb3 c4 19.exd5 cxb3 20.dxc6 Qb6+ 21.Qf2 Qxf2+
22.Rxf2 bxa2 23.Rxa2 Rfc8 24.Rf4 Rxc6 25.Rb4 Re8 26.Nd2 Re2 27.Ne4 f5 28.Ng3 Rd2
29.d4 Rxc3 30.bxc3 Rxa2 31.Rb3 Kf7 32.Kf1 Ke6 33.Ne2 Kd5 34.h4 Bf8 35.Kf2 Kc4
36.Rb1 Be7 37.g3 f4 38.gxf4 Kd3 39.Rd1+ Rd2 40.Rxd2+ Kxd2 41.h5 gxh5 42.d5 Kd3
43.Kf3 h4 44.f5 h3 45.Ng3 h2 46.Kg2 Kc4 47.Ne4 Kxd5 48.f6 Bf8 49.Ng5 Kc4
50.Ne6 Bd6 51.f7 Kxc3 52.Nc7 b4 53.Nxa6 b3 54.Nc7 b2 55.Nb5+ Kd3  0-1

[Event "SLO-chT"]
[Site "?"]
[Date "1994.??.??"]
[Round "?"]
[White "Zugaj, Fjodor"]
[Black "Kavcic, Uros"]
[Result "1-0"]
[WhiteElo "2175"]
[BlackElo "1905"]

1.e4 c5 2.Nf3 d6 3.Bb5+ Nd7 4.O-O a6 5.Bxd7+ Bxd7 6.d4 cxd4 7.Qxd4 e5 8.Qd3 Qc7
9.Nc3 Rc8 10.Rd1 b5 11.Be3 Be7 12.a4 Qc4 13.Nxe5 Qxd3 14.Nxd3 bxa4 15.Nb4 Rb8
16.Nxa6 Rxb2 17.Nxa4 Rxc2 18.Nb6 Nf6 19.Nb4 Rb2 20.Ra8+ Bd8 21.Nc4 Rxb4 22.Nxd6+ Ke7
23.Bc5 Ra4 24.Nb7+ Ke6 25.Nxd8+ Rxd8 26.Rxa4 Rc8 27.Ra6+ Ke5 28.Bd4+ Kxe4
29.f3+  1-0

[Event "Solin"]
[Site "Solin"]
[Date "1994.??.??"]
[Round "1"]
[White "Cvorovic, Drazen"]
[Black "Grosar, Aljosa"]
[Result "1-0"]
[WhiteElo "2435"]
[BlackElo "2435"]

1.e4 c5 2.Nf3 d6 3.Bb5+ Nd7 4.c3 Nf6 5.Qe2 a6 6.Ba4 Qc7 7.O-O c4 8.Bc2 g6
9.a4 Ne5 10.Nxe5 dxe5 11.d4 cxd3 12.Bxd3 Be6 13.c4 Rc8 14.b3 Bg7 15.a5 O-O
16.Nc3 Nh5 17.g3 Qd7 18.Nd5 Bxd5 19.cxd5 Nf6 20.Be3 Ne8 21.Rfc1 Rxc1+ 22.Rxc1 Nd6
23.b4 Rc8 24.Rc5 Bf8 25.Qb2 f6 26.Rxc8 Qxc8 27.Qb1 Kf7 28.Bc5 Qd7 29.Qf1 Nb5
30.Bc4 Nd6 31.Bxd6 Qxd6 32.Qh3 Qxb4 33.Qe6+ Kg7 34.d6 Qe1+ 35.Kg2 Qxe4+ 36.f3 Qc2+
37.Kh3 exd6 38.Qf7+ Kh6 39.Qxf8+ Kg5 40.Qc8 h5 41.Be6 Qd1 42.Qc4 f5 43.Bd5 Kf6
44.Bxb7 g5 45.Bc8 g4+ 46.Kh4 Qd2 47.Qe6+ Kg7 48.Qe7+ Kg6 49.Bxf5+  1-0

[Event "Solin"]
[Site "Solin"]
[Date "1994.??.??"]
[Round "3"]
[White "Cvorovic, Drazen"]
[Black "Zelic, Zdravko"]
[Result "1-0"]
[WhiteElo "2435"]
[BlackElo "2390"]

1.e4 c5 2.Nf3 d6 3.Bb5+ Bd7 4.Bxd7+ Qxd7 5.O-O Nc6 6.c4 Nf6 7.Nc3 g6 8.d4 cxd4
9.Nxd4 Bg7 10.Nde2 O-O 11.f3 Rac8 12.Be3 Rfd8 13.Qd2 b6 14.Rac1 Qb7 15.b3 Ne5
16.Rfd1 Rd7 17.a4 e6 18.Bg5 a6 19.Kh1 Qc7 20.Ng3 Qc5 21.Nd5 exd5 22.cxd5 Rdc7
23.Rxc5 Rxc5 24.Ne2 Rc2 25.Rc1 Rxc1+ 26.Nxc1 Ne8 27.Ne2 b5 28.axb5 axb5 29.h3 Ra8
30.Be3 h5 31.Bd4 h4 32.Ng1 Kh7 33.f4 Nf6 34.fxe5 Nxe4 35.Qe1 Ng3+ 36.Kh2 dxe5
37.Bf2 e4 38.Bxg3 hxg3+ 39.Qxg3 Re8 40.Qe1 Be5+ 41.g3 f5 42.Qd2 Bd6 43.h4 e3
44.Qd3 Re4 45.Kg2 Rg4 46.Ne2 Bxg3 47.Nxg3 f4 48.Kf3  1-0

[Event "St Petersburg op2"]
[Site "St Petersburg"]
[Date "1994.??.??"]
[Round "5"]
[White "Begunov, K."]
[Black "Fedorov, Alexei"]
[Result "0-1"]
[WhiteElo "2350"]
[BlackElo "2500"]

1.e4 c5 2.Nf3 d6 3.Bb5+ Nd7 4.d4 Nf6 5.Nc3 a6 6.Bxd7+ Nxd7 7.dxc5 Nxc5 8.O-O e6
9.Bg5 Qc7 10.Re1 f6 11.Bf4 b5 12.a3 Be7 13.Qd2 Nd7 14.a4 bxa4 15.Nxa4 Ne5
16.Nxe5 dxe5 17.Be3 Rb8 18.c3 a5 19.f3 O-O 20.Qf2 Rb5 21.Nb6 Bb7 22.c4 Rb3
23.Na4 Qxc4 24.Bc5 Rf7 25.Bxe7 Rxe7 26.Red1 Bc6 27.Nc5 Rb5 28.Rac1 Qa2 29.Nd3 Be8
30.Rc3 Qa4 31.Qe2 Rb8 32.Nc5 Rxb2 33.Qxb2 Qxd1+ 34.Kf2 Qd4+ 35.Kg3 h6 36.Qa3 Qd8
37.Rd3 Qb6 38.Nb3 Ra7 39.Nd2 Rd7 40.Nc4 Rxd3 41.Qxd3 Bb5 42.Qb3 Qa6 43.Na3 Bd3
44.h4 Kh7 45.h5 f5 46.exf5 exf5 47.Qd5 Bf1 48.Qxe5 Qf6 49.Qd5 Qg5+ 50.Kf2 Qxg2+
51.Ke3 Qg1+ 52.Kd2 Bh3 53.Nc4 Qg5+ 54.Ke2 a4 55.Qa8 Qg2+ 56.Kd3 Bg4 57.Ne5 Bxh5
58.Qf8 Bg6 59.Qe7 Qb2 60.Nd7 f4+ 61.Kc4 Qb3+ 62.Kd4 Qe3+  0-1

[Event "Stockholm op"]
[Site "Stockholm"]
[Date "1994.??.??"]
[Round "?"]
[White "Kyhle, Bo"]
[Black "Lenneman, Ulf"]
[Result "1-0"]
[WhiteElo "2260"]
[BlackElo "2105"]

1.e4 c5 2.Nf3 d6 3.Bb5+ Nd7 4.d4 cxd4 5.Qxd4 Nf6 6.Nc3 e6 7.Bg5 Be7 8.e5 dxe5
9.Nxe5 O-O 10.Bxd7 Nxd7 11.Bxe7 Qxe7 12.O-O-O Nxe5 13.Qxe5 a6 14.Nd5 Qh4
15.Nb6 f6 16.Qc7  1-0

[Event "Stockholm op2"]
[Site "Stockholm"]
[Date "1994.??.??"]
[Round "3"]
[White "Etmans, Maarten D"]
[Black "McEwan, Ken B"]
[Result "1-0"]
[WhiteElo "2230"]
[BlackElo "2150"]

1.e4 c5 2.Nf3 d6 3.Bb5+ Nc6 4.O-O e6 5.Re1 Ne7 6.c3 a6 7.Bxc6+ bxc6 8.d3 Ng6
9.Nbd2 Be7 10.Nf1 O-O 11.Ng3 Rb8 12.d4 cxd4 13.Nxd4 Bb7 14.Qh5 Ne5 15.Rd1 c5
16.Nc2 Qb6 17.Rb1 Qc6 18.Ne1 g6 19.Qe2 h5 20.f3 h4 21.Nf1 Kg7 22.c4 Rh8 23.h3 a5
24.Bd2 f6 25.Bc3 Nd7 26.Nd3 a4 27.Ne3 Kf7 28.Re1 Ba6 29.Nf4 Nf8 30.b3 axb3
31.axb3 g5 32.Nd3 Ng6 33.Qc2 Nf4 34.Nxf4 gxf4 35.Ng4 Rbg8 36.Ra1 Rg6 37.Qd2 e5
38.Ra3 Rhg8 39.Rea1 Bc8 40.Ra7 f5 41.exf5 Bxf5 42.R1a6 Qc8 43.Qd5+ Qe6 44.Rxd6 Bxg4
45.hxg4 Qxd5 46.Rxd5 Rb8 47.Rxe5 Re6 48.Rxe6 Kxe6 49.Ra6+ Kd7 50.Ra7+ Ke6
51.Ra6+ Kd7 52.Bf6 Bd6 53.Ra3 Re8 54.Bxh4 Re2 55.Kh2 Rb2 56.Bf6 Rb1 57.Ra1 Rxb3
58.Re1 Rb4 59.Re4 Kc6 60.g5 Rb8 61.g6 Rg8 62.g7 Kd7 63.Kh3 Kc6 64.Kg4 Bf8
65.Re8  1-0

[Event "Rilton Cup9495"]
[Site "Stockholm"]
[Date "1994.??.??"]
[Round "4"]
[White "Lindberg, Bengt"]
[Black "Ernst, Thomas"]
[Result "1/2-1/2"]
[WhiteElo "2335"]
[BlackElo "2465"]

1.e4 c5 2.Nf3 d6 3.Bb5+ Nd7 4.O-O a6 5.Bxd7+ Bxd7 6.c4 e5 7.Nc3 Nf6 8.d3 Be7
9.Ne1 O-O 10.Nc2 Be6 11.Ne3 Nd7 12.Nf5 Bxf5 13.exf5 Bg5 14.Ne4 Bxc1 15.Rxc1 Nf6
16.Qf3 Rb8 17.Kh1 b5 18.b3 h6 19.g4 Nxe4 20.dxe4 bxc4 21.Rxc4 Qe7 22.Rg1 Rb6
23.Qg3 Rfb8 24.h4 g6 25.g5 h5 26.f4 exf4 27.Qxf4 Rb4 28.Rd1 Rxc4 29.bxc4 Rb6
30.Kg1 gxf5 31.Qxf5 Qb7 32.g6 fxg6 33.Qxg6+ Qg7 34.Qxg7+ Kxg7 35.Rd5 Rb4
36.Rxd6 Rxc4 37.Rxa6 Rxe4 38.Rc6 Rxh4 39.Rxc5 Ra4 40.Rxh5 Rxa2  1/2-1/2

[Event "Rilton Cup9495"]
[Site "Stockholm"]
[Date "1994.??.??"]
[Round "4"]
[White "Degerman, Lars"]
[Black "Gamback, Bjorn"]
[Result "1-0"]
[WhiteElo "2490"]
[BlackElo "2165"]

1.e4 c5 2.Nf3 d6 3.Bb5+ Bd7 4.Bxd7+ Qxd7 5.c4 Nc6 6.d4 cxd4 7.Nxd4 g6 8.Nc3 Bg7
9.Be3 Nf6 10.f3 O-O 11.O-O Rfd8 12.Qd2 e6 13.Rac1 d5 14.exd5 exd5 15.c5 Re8
16.Bf2 Nh5 17.Ndb5 d4 18.Ne4 Be5 19.Rcd1 Qd5 20.g4 Nf6 21.Nxf6+ Bxf6 22.Nc7 Qxc5
23.Nxa8 Rxa8 24.Qf4 Be5 25.Qe4 Qd6 26.h3 Re8 27.f4  1-0